History Quiz

Random History or Biography Quiz
Score 0/25 Timer 08:00
1 Play Today
% Correct
George Washington
98.1%
Mohandas Gandhi
92%
European Union (EU)
84.7%
Otto Frank
84.3%
Nelson Mandela
81%
J.S. Bach
79.1%
Charles Darwin
78.8%
Ernest Hemingway
74%
Erik the Red
73.1%
Muhammed Ali
72.8%
James Brown
70.6%
Henry Fonda
68.5%
Genghis Khan
66.3%
% Correct
(American) Football
64.3%
J. Robert Oppenheimer
62%
Hawai’i
58.2%
Douglas MacArthur
52.3%
Jawaharlal Nehru
51.2%
Triple Crown
49.8%
Charlemagne
47.2%
Gregor Mendel
47.2%
David Ortiz
38%
Renoir
37.2%
Boys Town
29.8%
Franz Joseph Haydn
21.4%
Remove Ads.
Support Sporcle.
Get the best of Sporcle when you Go Orange. This ad-free experience offers more features, more stats, and more fun while also helping to support Sporcle. Thank you for becoming a member.

You're not logged in!

Compare scores with friends on all Sporcle quizzes.
OR
Log In

Sporcle TV

Today on Sporcle TV


Watch our educational content, quiz creation guides, and fun videos on Sporcle TV.

Show Comments

Extras

Top Quizzes Today


Score Distribution

Paid Content

Your Account Isn't Verified!

In order to create a playlist on Sporcle, you need to verify the email address you used during registration. Go to your Sporcle Settings to finish the process.

Report this User

Report this user for behavior that violates our Community Guidelines.

Details: